Administraciones pb︢licas y proteccin̤ de la infancia

Detalles Bibliográficos
Autor principal: Palma del Teso, ℓngeles de
Formato: eBook
Lenguaje:español
Publicado: Madrid : Instituto Nacional de Administracin̤ Pb︢lica (INAP), 2006
Materias:
Acceso en línea:http://www.vlex.com/source/5465

MARC

LEADER 00000nam a22000007a 4500
005 20130215123944.0
007 cr|||| ||||
008 130215e2006 sp |||||s|||| 00| 0 spa d
020 |a 8473512588 
035 |a 5465 
040 |a vLex 
090 |c 3656  |d 3656 
100 1 0 |a Palma del Teso, ℓngeles de 
245 1 0 |a Administraciones pb︢licas y proteccin̤ de la infancia  |h [Recurso electrn̤ico]  
256 |a Servicio en ln̕ea 
260 |a Madrid :  |b Instituto Nacional de Administracin̤ Pb︢lica (INAP),   |c 2006 
300 |a 1 Recurso electrn̤ico 
650 0 4 |a Infancia  |z Espaą 
740 |a vLex Libros (Servicio en ln̕ea) 
856 |a Acceso restringido  |u http://www.vlex.com/source/5465 
942 |c BOOK 
999 0 |a Infants